MARC details
| 000 -LEADER |
| fixed length control field |
02329cam a2200409 4500 |
| 001 - CONTROL NUMBER |
| control field |
##L131709 |
| 008 - FIXED-LENGTH DATA ELEMENTS--GENERAL INFORMATION |
| fixed length control field |
051130n2006 000 0 eng u |
| 035 ## - SYSTEM CONTROL NUMBER |
| System control number |
(Sirsi) u131709 |
| 041 0# - LANGUAGE CODE |
| Language code of text/sound track or separate title |
eng |
| 050 04 - LIBRARY OF CONGRESS CALL NUMBER |
| Classification number |
690.25 $2 18 |
| 100 1# - MAIN ENTRY--PERSONAL NAME |
| Personal name |
Parrett, Mike |
| 245 00 - TITLE STATEMENT |
| Title |
Mike Parrett's guide to building pathology |
| Remainder of title |
law and litigation |
| Medium |
[video recording] |
| 260 ## - PUBLICATION, DISTRIBUTION, ETC. |
| Place of publication, distribution, etc. |
London |
| Name of publisher, distributor, etc. |
Limelite Media |
| Date of publication, distribution, etc. |
2006 |
| 300 ## - PHYSICAL DESCRIPTION |
| Extent |
1 DVD (ca. 90 min.) |
| 350 ## - PRICE (NR) (BK AM CF MU VM SE) [OBSOLETE] |
| Price |
59.49 |
| 490 #0 - SERIES STATEMENT |
| Series statement |
Mike Parrett's Guide to Building Pathology |
| 505 1# - FORMATTED CONTENTS NOTE |
| Formatted contents note |
Landlord and Tenant Act 1985 s11 -- Defective Premises Act 1972 s4 -- The causal link - "London Borough of Southwark v McIntosh" (ChD, Abs65160) -- Statutory nuisance - Environmental Protection Act 1990 - "Birmingham DC v Kelly" ([1985] 17 HLR 572) -- Housing Act 2004 -- Home inspector ethos - assessment of risk -- The hospital case - a case of negligence? Latent Damages Act 1986 - "Cavalier v Pope" ([1906] AC 428) -- Damages and compensation - "Wallace v Manchester City Council" ([1998] 41 EG 223), "Shine v English Churches Housing Group" ([2004] EWCA Civ 434) -- Landlord and Tenant Act 1985 s17 -- Civil Procedure Rules 1998 - single joint experts -- Defending a claim - Landlord and Tenant Act 1985 s11(3) - breach of covenant to give quiet enjoyment -- Submission of evidence - standards of proof in civil and criminal actions -- Interim injunctions - "Parker v LB of Camden" (Times, 1 April 1985) -- Penal notices -- The importance of pathology -- Decent Homes Initiative |
| 520 ## - SUMMARY, ETC. |
| Summary, etc. |
This DVD discusses current legislation and case law relating to building pathology. |
| 650 24 - SUBJECT ADDED ENTRY--TOPICAL TERM |
| Topical term or geographic name entry element |
LANDLORD AND TENANT ACT 1985 S11 |
| 650 24 - SUBJECT ADDED ENTRY--TOPICAL TERM |
| Topical term or geographic name entry element |
LANDLORD AND TENANT ACT 1985 S17 |
| 650 24 - SUBJECT ADDED ENTRY--TOPICAL TERM |
| Topical term or geographic name entry element |
DEFECTIVE PREMISES ACT 1972 S4 |
| 650 24 - SUBJECT ADDED ENTRY--TOPICAL TERM |
| Topical term or geographic name entry element |
SOUTHWARK LBC V MCINTOSH |
| 650 24 - SUBJECT ADDED ENTRY--TOPICAL TERM |
| Topical term or geographic name entry element |
ENVIRONMENTAL PROTECTION ACT 1990 |
| 650 24 - SUBJECT ADDED ENTRY--TOPICAL TERM |
| Topical term or geographic name entry element |
BIRMINGHAM DC V KELLY |
| 650 24 - SUBJECT ADDED ENTRY--TOPICAL TERM |
| Topical term or geographic name entry element |
HOUSING ACT 2004 |
| 650 24 - SUBJECT ADDED ENTRY--TOPICAL TERM |
| Topical term or geographic name entry element |
LATENT DAMAGES ACT 1986 |
| 650 24 - SUBJECT ADDED ENTRY--TOPICAL TERM |
| Topical term or geographic name entry element |
CAVALIER V POPE |
| 650 24 - SUBJECT ADDED ENTRY--TOPICAL TERM |
| Topical term or geographic name entry element |
WALLACE V MANCHESTER CITY COUNCIL |
| 650 24 - SUBJECT ADDED ENTRY--TOPICAL TERM |
| Topical term or geographic name entry element |
ENGLISH CHURCHES HOUSING GROUP V SHINE |
| 650 24 - SUBJECT ADDED ENTRY--TOPICAL TERM |
| Topical term or geographic name entry element |
CIVIL PROCEDURE RULES 1998 |
| 650 24 - SUBJECT ADDED ENTRY--TOPICAL TERM |
| Topical term or geographic name entry element |
PARKER V CAMDEN LBC |
| 650 24 - SUBJECT ADDED ENTRY--TOPICAL TERM |
| Topical term or geographic name entry element |
DCLG DECENT HOMES STANDARD |
| 651 #4 - SUBJECT ADDED ENTRY--GEOGRAPHIC NAME |
| Geographic name |
England |
| Chronological subdivision |
886- |
| 690 ## - LOCAL SUBJECT ADDED ENTRY--TOPICAL TERM (OCLC, RLIN) |
| Topical term or geographic name as entry element |
BUILT ENVIRONMENT-BUILDING PATHOLOGY |
| 942 ## - ADDED ENTRY ELEMENTS (KOHA) |
| Suppress in OPAC |
0 |